Представление документа в формате MARC21

Поле Инд. ПП Название Значение
Тип записи a
Библиографический уровень b
001 Контрольный номер RU/IS/BASE/128605324
005 Дата корректировки 20200522190820.9
084 a Индекс другой классификации/Индекс ББК 60.53
a Индекс другой классификации/Индекс ББК 60.52
100 1_ a Автор Васильчук Ю. А.
245 a Заглавие Социальное развитие человека. Фактор социума
504 a Библиография Библиогр.: с. 40
650 a Основная рубрика социология
a Основная рубрика социология личности
653 a Ключевые слова гражданское общество
a Ключевые слова идейно-политизированное общество
a Ключевые слова информационное общество
a Ключевые слова общество массового потребления
a Ключевые слова рациональное гражданское общество
a Ключевые слова российское общество
a Ключевые слова социальное развитие личности
a Ключевые слова социум
a Ключевые слова структура социума
a Ключевые слова трансформация общества
a Ключевые слова человек альтернативный
a Ключевые слова человек аскетичный
a Ключевые слова человек социологический
a Ключевые слова человек экономический
773 t Заглавие источника Общественные науки и современность
d Дата издания источника 2003
g Прочая информация № 6. - С. 28 - 40
w Контрольный № источника RU/IS/BASE/123862077
901 t Тип документа b